000 00299nam a2200109 4500
999 _c13485
_d13485
008 190327b ||||| |||| 00| 0 eng d
245 _aDepression and diabetes: double the stress.
260 _aDavao City
_bSun Star Davao
_cc2018
300 _apage B2.
650 0 _937720
_aStress.
942 _2ddc
_cPER